Normal view
MARC view
- Jain, O. P
Entry Personal Name
001 - CONTROL NUMBER
- control field: 7601
003 - CONTROL NUMBER IDENTIFIER
- control field: OSt
005 - DATE AND TIME OF LATEST TRANSACTION
- control field: 20250626145745.0
008 - FIXED-LENGTH DATA ELEMENTS
- fixed length control field: 250626|| aca||aabn | a|a d
040 ## - CATALOGING SOURCE
- Original cataloging agency: OSt
- Transcribing agency: OSt
100 ## - HEADING--PERSONAL NAME
- Personal name: Jain, O. P
670 ## - SOURCE DATA FOUND
- Source citation: Work cat.: (OSt)1691: Krishna, Jai 7600, Plain and Reinforced Concrete, Vol- 2 / , 1966.
